Responses for Show #1062 - Tuesday, March 28, 1989

Contestants

[<< previous game]

Scott Roth, an attorney originally from New York

Jan Hofmann, a writer originally from Oak Ridge, Tennessee

Craig Campbell, an advertising executive from Victorville, California (whose 2-day cash winnings total $10,799)

[next game >>]

Jeopardy! Round responses

STARTS WITH "C"
MYTHS & LEGENDS
INTERNATIONAL TRIVIA
FUNNY FELINES
SWEETS
THE FOOT
    $100 1
cigarettes

Craig
    $100 21
Psyche

Craig
    $100 6
Australia

Scott
    $100 8
Garfield (the cat)

Scott
    $100 12
breaking it

Craig
    $100 26
[The end-of-round signal sounds.]

5

Jan
    $200 2
cold duck

Craig
    $200 22
(Scott: Who is Neptune?)
...
(Alex: Less than a minute to go.)

Osiris

Scott
Triple Stumper
    $200 7
national anthem

Jan
    $200 14
Sylvester (the pussycat)

Craig
    $200 13
pies

Jan
    $300 3
civil

Craig
    $300 23
Charon

Triple Stumper
    $300 9
Guamanians

Scott
    $300 16
(Craig: Who is Felix?)

Fritz the Cat

Craig
Triple Stumper
    $300 15
piñata

Jan
    $500 4
[The song was reprised going into the first break.]

"Calendar Girl"

Craig
    $400 24
astronomy

Triple Stumper
    $400 10
Imelda Marcos

Craig
    $400 17
Krazy Kat

Triple Stumper
    $400 19
Baked Alaska

Jan
    $500 5
(Scott: What is a [*]?)

Catcher in the Rye

Scott
    $500 25
Hippolyta

Triple Stumper
    $500 11
Belfast

Triple Stumper
    $500 18
(Craig: Who is Snaggletooth?)

Snagglepuss

Craig
Triple Stumper
    $500 20
(Craig: What is a pudding?)

custard

Craig
Triple Stumper

Scores at the first commercial break (after clue 13):

Craig Jan Scott
$1,600 $400 $1,000

Scores at the end of the Jeopardy! Round:

Craig Jan Scott
$600 $1,200 $800

Double Jeopardy! Round responses

18th C. AMERICA
WRITERS
MUSIC
ACTORS & ROLE
SPAIN
POETIC TERMS
    $200 10
Philadelphia

Craig
    $200 4
Kipling

Jan
    $200 7
5

Craig
    $200 18
Sherlock Holmes

Scott
    $200 26
(Alex: That's right and we've got less than a minute to go.)

Basques

Craig
    $200 1
meter

Triple Stumper
    $400 11
give rooms to soldiers (and feed them)

Jan
    $400 5
Welsh

Craig
    $400 8
violin, cello & viola

Craig
    $400 19
Charlie Chan

Craig
    $400 27
Canary Islands

Jan
    $400 2
ballad

Craig
    $600 14
France

Jan
    $600 6
Joel Chandler Harris

Triple Stumper
    $600 9
Mozart

Scott
    $600 20
Zorro

Scott
    $600 28
(1 of) European Common Market or NATO

Triple Stumper
    $600 3
bard

Jan
    $1,000 15
Appalachian Mountains

Jan
    $800 12
Mickey Spillane

Jan
    $800 17
(George Frideric) Handel

Scott
    $800 21
Robin Hood

Triple Stumper
    $800 29
Castillian

Craig
    $800 24
(Jan: What is dissonance?)
[Initially ruled incorrect; reversed before Final Jeopardy!]

cacophony (dissonance)

CraigJan
    $1000 16
Bonhomme Richard

Craig
    $1000 13
(Joseph) Conrad

Jan
    $1,200 23
"Ave Maria"

Craig
    $1000 22
Philip Marlowe

Craig
    $1000 30
Seville

Jan
    $1000 25
acrostic

Triple Stumper

Scores at the end of the Double Jeopardy! Round:

Craig Jan Scott
$7,600 $8,000 $3,000

[wagering suggestions for these scores]

Final Jeopardy! Round responses

BODIES OF WATER
ScottWhat is Alaska
$2,100
CraigWhat is Alaska?
$7,600
JanWhat is Alaska?
$0
Alaska

Final scores:

Craig Jan Scott
$15,200 $8,000 $5,100
3-day champion: $25,999 2nd place: trip on Continental to Honolulu & stay at Hilton Hawaiian Village + Jeopardy! box game or Jeopardy! Challenger 3rd place: DIA recliner + Jeopardy! box game or Jeopardy! Challenger

Game dynamics:

Coryat scores:

Craig Jan Scott
$7,300 $7,800 $3,000
20 R
(including 2 DDs),
3 W
15 R
(including 1 DD),
0 W
8 R,
1 W

Combined Coryat: $18,100

[game clues] [game scores] [suggest correction]

Game tape date: 1988-12-06
The J! Archive is created by fans, for fans. Scraping, republication, monetization, and malicious use prohibited; this site may use cookies and collect identifying information. See terms. The Jeopardy! game show and all elements thereof, including but not limited to copyright and trademark thereto, are the property of Jeopardy Productions, Inc. and are protected under law. This website is not affiliated with, sponsored by, or operated by Jeopardy Productions, Inc. Join the discussion at JBoard.tv.